• 首页
  • 本馆介绍
  • 公告通知
  • 最新文献
  • 馆藏检索
  • 电子资源
  • 读者导购
  • 参考咨询
  • 我的图书馆
  • 登录
  • 详细信息显示
  • 放入我的书架
  • 预约/预借图书
  • 作者相关作品
  • 分类相关作品
  • 丛书相关作品
  • 出版社相关作品

书目信息

  • 表格格式
  • 工作单格式
  • 卡片格式
题名:
空间跟踪和通信用地面发射机系统设计
    
 
作者: 郭衍莹 , 陆文福 编著
分册:  
出版信息: 北京   国防工业出版社  1984.12
页数: 438页
开本: 20cm
丛书名:
单 册:
中图分类: V556
科图分类:
主题词: 航天地面设备 , 空间基地 , 发射场 , 航天器--试验场 , 航天器发射场
电子资源:
ISBN:
000 00769nam0 2200265 45
001 0312221749
005 20040513160929.7
010    @dCNY2.05
091    @a15034.2681
100    @a20031222d1984 km y0chiy0120 ea
101    @achi
105    @a z 000yy
200 1  @a空间跟踪和通信用地面发射机系统设计@AKong Jian Gen Zong He Tong Xin Yong Di Mian Fa She Ji Xi Tong She Ji@f郭衍莹,陆文福编著@FGuo Yan Ying,Lu Wen Fu Bian Zhu
210    @a北京@c国防工业出版社@d1984.12
215    @a438页@d20cm
606 0  @a航天地面设备
606 0  @a空间基地
606 0  @a发射场
606 0  @a航天器@x试验场
606 0  @a航天器发射场
690    @aV556@v3
701 0  @a郭衍莹@4编著
701 0  @a陆文福@4编著
801    @aCN@bTSTCL@c20031222
905    @dV556@e4@f1@b136625
    
    空间跟踪和通信用地面发射机系统设计/郭衍莹,陆文福编著.-北京:国防工业出版社,1984.12
    438页;20cm
    
    
    ISBN :CNY2.05
    
●
相关链接 在E读中查询图书 在五车中查询图书 在当当中查询图书 在豆瓣中查询图书


正题名:空间跟踪和通信用地面发射机系统设计     索取号:V556/4         预约/预借

序号 登录号 条形码 馆藏地/架位号 状态 备注
1 0136625   001486920   第三借阅区/ [索取号:V556/4] 在馆    
2 0136626   001486859   第二样本阅览室/ [索取号:V556/4] 在馆    
唐山师范学院图书馆 欢迎您!
大连网信软件有限公司© 版权所有